Possessione : una storia romantica /

Gespeichert in:
Bibliographische Detailangaben
1. Verfasser: Byatt, A. S. (Verfasst von)
Weitere Verfasser: Galuzzi, Fausto (Übersetzung), Nadotti, Anna (Übersetzung)
Format: Buch
Sprache:Italienisch
Veröffentlicht: Roma : La Biblioteca di Repubblica, c2003
Schriftenreihe:La Biblioteca di Repubblica. Novecento ; 63
Tags: Tag hinzufügen
Keine Tags, Fügen Sie das erste Tag hinzu!

MARC

LEADER 00000nam a22000007i 4500
001 IT\ICCU\CAG\0439290
003 ItRI
005 20260115231843.0
008 030319s2003 it |||||| ||||| |||||c
020 |a 8496142027 
040 |b ita  |c importazione bologna sebina 
041 7 |a ita  |2 ISO-639-2 
082 |a 823  |9 Narrativa inglese  |2 14 
100 1 |a Byatt, A. S.  |0 IT\ICCU\RAVV\073777  |4 aut 
240 1 0 |a Possession.  |3 IT\ICCU\UM1\0156053  |9 Byatt, A. S. 
245 1 0 |a Possessione :  |b una storia romantica /  |c Antonia S. Byatt ; traduzione di Anna Nadotti e Fausto Galuzzi. 
260 |a Roma :  |b La Biblioteca di Repubblica,  |c c2003 
300 |a 607 p. ;  |c 22 cm 
500 |a  Supplemento a: La Repubblica 
500 |a Edizione speciale 
700 1 |a Galuzzi, Fausto  |0 IT\ICCU\UM1V\000001  |4 trl 
700 1 |a Nadotti, Anna  |0 IT\ICCU\CFIV\110748  |4 trl 
790 1 |a Byatt, Antonia S.  |3 IT\ICCU\SBNV\029096  |z Byatt, A. S. 
790 1 |a Byatt, Antonia Susan Drabble  |3 IT\ICCU\FERV\075334  |z Byatt, A. S. 
790 1 |a Byatt, Antonia Susan  |3 IT\ICCU\RAVV\109260  |z Byatt, A. S. 
830 3 |a La Biblioteca di Repubblica. Novecento ;  |v 63  |0 IT\ICCU\MIL\0542400 
942 |2 ddc  |c BK  |n 0 
952 |0 0  |1 0  |4 0  |6 DOC_823_914000000000000_BYA  |7 0  |9 14346  |a BO  |b BO  |d 2026-01-15  |i 20153  |l 0  |o DOC 823.914 BYA  |p BO20153  |r 2026-01-15 23:18:43  |w 2026-01-15  |x [Sebina 5] [1 v.]  |y BK  |z 1 v. 
999 |c 12383  |d 12383